000 00639nam a2200229Ia 4500
003 OSt
005 20220927102946.0
006 a|||||r|||| 00| 0
007 ta
008 220926b |||||||| |||| 00| 0 eng d
024 _a15826
037 _cReference Collections
040 _aRTL
_cRTL
_beng
041 _2eng
_aeng
082 _a"Xk, K5;L3/RR"
100 _aHanson J L
_9351587
245 0 _aDictionary of economics and commerce. Ed.4
260 _aLondon
_bELBS and Macdonald and Evans
_c1973
300 _avi;487p
_ccm.
942 _h"Xk, K5;L3/RR"
_cCC
999 _c679804
_d679804